| 000 | 00458nam a22001697a 4500 | ||
|---|---|---|---|
| 003 | NUST - PNEC | ||
| 005 | 20170116180951.0 | ||
| 008 | 150907b xxu||||| |||| 00| 0 eng d | ||
| 020 | _a0030842913 | ||
| 040 | _cLIBRARY | ||
| 082 | _a620.0042 COO | ||
| 100 |
_98734 _aCooper, George R. |
||
| 245 |
_aProbabilistic methods of signal and system analysis _cGeorge R. Cooper |
||
| 260 | _cc.1971 | ||
| 650 |
_98739 _aProbabilities _xEE,MIS |
||
| 942 |
_2ddc _cBK |
||
| 999 |
_c66422 _d66422 |
||